[Event "Speed Chess Super Swiss"]
[Site "Chess.com INT"]
[Date "2020.10.03"]
[Round "8"]
[White "Lysiak, Magdalena"]
[Black "Klotz Burwell, Hunter P"]
[Result "0-1"]
[WhiteElo "2126"]
[BlackElo "2103"]
[PlyCount "41"]
[EventDate "2020.10.03"]
[EventType "swiss (blitz)"]
[EventRounds "15"]
[EventCountry "USA"]
[SourceTitle "CBM 198 Extra"]
[Source "ChessBase"]
[SourceDate "2020.11.30"]
[SourceVersion "1"]
[SourceVersionDate "2020.11.30"]
[SourceQuality "1"]

1. d4 Nf6 2. c4 d6 3. Nc3 Nbd7 4. e4 e5 5. f3 exd4 6. Qxd4 g6 7. Bg5 Bg7 8. Nge2 h6 9. Bh4 0-0 10. Qd2 Nxe4 11. Bxd8 Nxd2 12. Bxc7 Nxc4 13. b3 Nce5 14. Bxd6 Re8 15. Bxe5 Nxe5 16. 0-0-0 Bf5 17. Nd4 Rac8 18. Kb2 Nd3+ 19. Rxd3 Bxd3 20. Ndb5 Bxb5 21. Bxb5 0-1

[Event "Speed Chess Super Swiss"]
[Site "Chess.com INT"]
[Date "2020.10.03"]
[Round "1"]
[White "Maghsoodloo, Parham"]
[Black "Klotz Burwell, Hunter P"]
[Result "1-0"]
[WhiteElo "2676"]
[BlackElo "2103"]
[PlyCount "92"]
[EventDate "2020.10.03"]
[EventType "swiss (blitz)"]
[EventRounds "15"]
[EventCountry "USA"]
[SourceTitle "CBM 198 Extra"]
[Source "ChessBase"]
[SourceDate "2020.11.30"]
[SourceVersion "1"]
[SourceVersionDate "2020.11.30"]
[SourceQuality "1"]

1. e4 e5 2. Nf3 Nf6 3. Nxe5 d6 4. Nf3 Nxe4 5. Nc3 Nxc3 6. dxc3 Be7 7. Bd3 Nc6 8. 0-0 0-0 9. h3 Be6 10. Re1 Bf6 11. Bf4 Qd7 12. Qd2 Bf5 13. Re3 Rfe8 14. Rae1 Rxe3 15. Qxe3 Bg6 16. g4 Bxd3 17. cxd3 Kf8 18. d4 Re8 19. Qd3 Rxe1+ 20. Nxe1 h5 21. f3 hxg4 22. fxg4 g6 23. Nf3 Ne7 24. b3 Nd5 25. Bd2 Qe7 26. c4 Nb6 27. a4 c6 28. Kg2 d5 29. a5 dxc4 30. bxc4 Nc8 31. Kf2 Nd6 32. Bf4 Kg8 33. Qb3 Ne4+ 34. Kg2 Qd7 35. Qe3 Qe6 36. Qd3 Nd6 37. Nd2 a6 38. d5 cxd5 39. cxd5 Qd7 40. Bxd6 Qxd6 41. Ne4 Qd8 42. d6 Be5 43. Qd5 Bf4 44. Kf3 Qh4 45. Kxf4 Qxh3 46. Qxf7+ Kh8 1-0

[Event "Speed Chess Super Swiss"]
[Site "Chess.com INT"]
[Date "2020.10.03"]
[Round "9"]
[White "Reimanis, Ritvars"]
[Black "Klotz Burwell, Hunter P"]
[Result "0-1"]
[WhiteElo "2412"]
[BlackElo "2103"]
[PlyCount "136"]
[EventDate "2020.10.03"]
[EventType "swiss (blitz)"]
[EventRounds "15"]
[EventCountry "USA"]
[SourceTitle "CBM 198 Extra"]
[Source "ChessBase"]
[SourceDate "2020.11.30"]
[SourceVersion "1"]
[SourceVersionDate "2020.11.30"]
[SourceQuality "1"]

1. d4 Nf6 2. c4 d6 3. Nf3 Nbd7 4. Nc3 e5 5. e4 Be7 6. Be2 0-0 7. 0-0 c6 8. Re1 a5 9. a3 exd4 10. Nxd4 Nc5 11. Bf3 a4 12. Be3 Nfd7 13. Nf5 Nb3 14. Rb1 Ne5 15. Be2 Bxf5 16. exf5 Re8 17. Ne4 d5 18. cxd5 cxd5 19. Ng3 d4 20. Bf4 Nc6 21. Bc4 Nc5 22. Rc1 Qd7 23. Bb5 Bd6 24. Rxe8+ Rxe8 25. Bxd6 Qxd6 26. Bxa4 d3 27. Bxc6 bxc6 28. Nf1 Ne4 29. Qf3 Qd4 30. Rd1 d2 31. Qe3 Qxb2 32. Rxd2 Qb8 33. Re2 Nf6 34. Qd2 Rxe2 35. Qxe2 h5 36. Qc4 Qd6 37. h3 Qxa3 38. Qxc6 Qd3 39. Qf3 Qxf3 40. gxf3 Nd5 41. Ne3 Nf4 42. Kh2 g5 43. fxg6 fxg6 44. Kg3 Ne6 45. f4 Kf7 46. f5 Ng7 47. fxg6+ Kxg6 48. h4 Kf6 49. Kh3 Kg6 50. Ng2 Kf6 51. Nf4 Kf5 52. Kg3 Kf6 53. f3 Nf5+ 54. Kh3 Ng7 55. Nd5+ Kf5 56. Kg3 Ne6 57. Ne3+ Kf6 58. Ng2 Kf7 59. Kf2 Ng7 60. Ne3 Nf5 61. Ng4 Nd6 62. Ne5+ Kf6 63. Nd3 Ke6 64. Ne1 Ke7 65. Kg2 Nf5 66. Nd3 Ng7 67. Nf4 Ne6 68. Kh3 Ng5+ 0-1

[Event "Speed Chess Super Swiss"]
[Site "Chess.com INT"]
[Date "2020.10.03"]
[Round "5"]
[White "Yordanov, Nikolay Plamenov"]
[Black "Klotz Burwell, Hunter P"]
[Result "1-0"]
[WhiteElo "2242"]
[BlackElo "2103"]
[PlyCount "67"]
[EventDate "2020.10.03"]
[EventType "swiss (blitz)"]
[EventRounds "15"]
[EventCountry "USA"]
[SourceTitle "CBM 198 Extra"]
[Source "ChessBase"]
[SourceDate "2020.11.30"]
[SourceVersion "1"]
[SourceVersionDate "2020.11.30"]
[SourceQuality "1"]

1. e4 d6 2. d4 Nf6 3. Nc3 g6 4. h3 Bg7 5. Nf3 0-0 6. Be3 c6 7. Bd3 b5 8. Ne2 Nbd7 9. 0-0 e5 10. c3 Re8 11. Ng3 Qc7 12. Qd2 exd4 13. cxd4 Nf8 14. Bh6 a6 15. Bxg7 Kxg7 16. Qg5 Qe7 17. Rfe1 Ng8 18. Qd2 Nd7 19. Rac1 Bb7 20. Nh2 c5 21. d5 Ne5 22. Bb1 h5 23. f4 Nc4 24. Qf2 Qf6 25. b3 Nb6 26. Rcd1 Re7 27. Nf3 Kh8 28. e5 dxe5 29. fxe5 Qg7 30. d6 Ree8 31. Ng5 Nh6 32. d7 Red8 33. e6 f6 34. e7 1-0

[Event "Titled Tuesday intern op 5th Sept"]
[Site "Chess.com INT"]
[Date "2017.09.05"]
[Round "9"]
[White "Klotz Burwell, Hunter P"]
[Black "Farmani Anosheh, Armin"]
[Result "1-0"]
[WhiteElo "2121"]
[BlackElo "2321"]
[PlyCount "65"]
[EventDate "2017.09.05"]
[EventType "swiss (blitz)"]
[EventRounds "10"]
[EventCountry "USA"]
[SourceTitle "EXT 2021"]
[Source "ChessBase"]
[SourceDate "2020.10.23"]
[SourceVersion "1"]
[SourceVersionDate "2020.10.23"]
[SourceQuality "1"]

1. d4 Nf6 2. c4 g6 3. Nc3 Bg7 4. e4 d6 5. h3 0-0 6. Bg5 c5 7. d5 b5 8. cxb5 a6 9. a4 Qa5 10. Bd2 Qb4 11. Bd3 c4 12. Bc2 axb5 13. Nxb5 Qc5 14. Be3 Qb4+ 15. Bd2 Qc5 16. Nf3 Bd7 17. Be3 Qb4+ 18. Bd2 Qc5 19. Nc3 Na6 20. 0-0 Rfb8 21. Be3 Qc8 22. Bd4 Nb4 23. e5 Nfxd5 24. Nxd5 Nxd5 25. exd6 Bxd4 26. Qxd4 Nb4 27. Be4 Rxa4 28. Rxa4 Bxa4 29. dxe7 Qe8 30. Ra1 Bb5 31. Ra7 Nc6 32. Bxc6 Bxc6 33. Ne5 1-0